• 首页
  • 本馆介绍
  • 公告通知
  • 最新文献
  • 馆藏检索
  • 电子资源
  • 读者导购
  • 参考咨询
  • 我的图书馆
  • 登录
  • 详细信息显示
  • 放入我的书架
  • 预约/预借图书
  • 作者相关作品
  • 分类相关作品
  • 丛书相关作品
  • 出版社相关作品

书目信息

  • 表格格式
  • 工作单格式
  • 卡片格式
书名: Fundamental skills for the clinical laboratory professional
作者: Jacquelyn R. Marshall.
分册号:
分册名:
出版地: Albany, NY :
 
出版社: Delmar Publishers
出版时间: c1993.
页数: xx, 698 p., [8] p. of plates :
开本: 24 cm.
丛书名:
中图分类号:
科图分类号:
其他分类号: R81
主题词:
电子资源:
000 01064pam a2200313 a 450
001 E0758959518
005 20070427162652.39
008 920811s1993 nyuaf b 001 0 eng c
010    @a92049234
020    @a0827348231 (textbook).
035    @A(DLC) 92049234
040    @aDNLM/DLC@cDLC@dDLC
050 00 @aRB37@b.M274 1993
060    @aQY 25 M368f
082 00 @a616.07/56@2 20
090    @aR81
099    @dR81@ex2
100 1  @aMarshall, Jacquelyn.
245 10 @aFundamental skills for the clinical laboratory professional / @cJacquelyn R. Marshall.
260    @aAlbany, NY :@bDelmar Publishers,@cc1993.
300    @axx, 698 p., [8] p. of plates :@bill. (some col.) ;@c24 cm.
504    @aIncludes bibliographical references (p. 645-650) and index.
650  0 @aBiomedical technicians.
650  0 @aMedical laboratory technology.
650  2 @aTechnology, Medical.
650  2 @aLaboratories.
906    @a7@bcbc@corignew@d1@eocip@f19@gy-gencatlg
955    @aCIP ver. pv07 04-30-93
991    @bc-GenColl@hRB37@i.M274 1993@tCopy 1@wBOOKS
    
    Fundamental skills for the clinical laboratory professional / / Jacquelyn R. Marshall.-Albany, NY : : Delmar Publishers, , c1993.
    xx, 698 p., [8] p. of plates : : ill. (some col.) ; ; 24 cm.
    Includes bibliographical references (p. 645-650) and index.
    
    ISBN 0827348231 (textbook).
    
●
相关链接 在E读中查询图书 在五车中查询图书 在当当中查询图书 在豆瓣中查询图书


正题名:Fundamental skills for the clinical laboratory professional     索取号:R81/x2         预约/预借

序号 登录号 条形码 馆藏地/架位号 状态 备注
1 5841   300058416   第二样本阅览室/ [索取号:R81/x2] 在馆    
2 5842   300058425   第四借阅区/ [索取号:R81/x2] 在馆    
3 5843   300058434   第四借阅区/ [索取号:R81/x2] 在馆    
4 5844   300058443   第四借阅区/ [索取号:R81/x2] 在馆    
唐山师范学院图书馆 欢迎您!
大连网信软件有限公司© 版权所有